Современный румынский детектив: сборник; пер. с рум.; Офорт; Длина носа; Побег

Bibliographische Detailangaben
Weitere Verfasser: Ковач А. А. Андрей Альбертович (составитель), Таранин А. (иллюстратор)
Sprache:Russisch
Veröffentlicht: Москва, Радуга, 1990
TOC:Ш. Мариан, Офорт;
Д. Бэкэуану, Длина носа;
К. Брашовяну, Побег;
Schlagworte:
Format: Buch
KOHA link:https://koha.lib.tpu.ru/cgi-bin/koha/opac-detail.pl?biblionumber=167675

MARC

LEADER 00000nam0a2200000 4500
001 167675
005 20231031162848.0
010 |a 5050025494 
035 |a (RuTPU)RU\TPU\book\181908 
090 |a 167675 
100 |a 20091019d1990 m y0rusy5003 ca 
101 1 |a rus  |c rum 
102 |a RU 
105 |a a z 000ay 
200 1 |a Современный румынский детектив  |e сборник  |e пер. с рум.  |f сост. А. А. Ковач ; худож. А. Таранин 
210 |a Москва  |c Радуга  |d 1990 
215 |a 496 с.  |c ил.  |d 20 см 
464 |t Офорт  |o роман  |f Ш. Мариан 
464 |t Длина носа  |o роман  |f Д. Бэкэуану 
464 |t Побег  |o роман  |f К. Брашовяну 
610 1 |a Детективные романы и рассказы 
610 1 |a Румыния 
675 |a 859.0  |z rus 
702 1 |a Ковач  |b А. А.  |g Андрей Альбертович  |4 220 
702 1 |a Таранин  |b А.  |4 440 
801 0 |a RU  |b RuMRKP  |c 19950704  |g psbo 
801 1 |a RU  |b 63413507  |c 20091019 
801 2 |a RU  |b 63413507  |c 20091019  |g RCR 
942 |c BK